Państwa Europy nie zakończone na literę -a. - Statystyki

Ogólne statystyki
  • Ten quiz został rozwiązany 199 razy
    172 od ostatniego zresetowania
  • Średni wynik to 10 z 11
Statystyki odpowiedzi
Państwo % Poprawnych
Niemcy
94%
Włochy
93%
Liechtenstein
90%
Czechy
89%
Białoruś
88%
Luksemburg
88%
Kosowo
88%
Watykan
87%
Węgry
87%
Monako
83%
San Marino
83%
Nie znaleziono quizów pasujących do podanych kryteriów
Rozkład punktacji
Procent ludzi z każdym wynikiem
Percentyl według liczby udzielonych odpowiedzi
Twoja historia wyników
Nie rozwiązałeś tego quizu od ostatniego zresetowania